000 00628nam a22001937a 4500
999 _c192388
_d192388
005 20221004140812.0
010 _aENG-135146
020 _a9789387678460
_c150.00
035 _aEN-118678
037 _bDBAD / PUB
082 _a230.1
245 _aSaibaba Invaluable Message/
_cEdited By Nandkumar Fulchand Yewale; Translated by Anuradha Gupte
260 _aPune
_b Continental Prakashan
_c2020
270 _bPune
_a2159/2, Vijayanagar, Pune
_e411030
_l020-24337982
300 _a152p.
_c22cm(pbk).
700 _aYewale, Nandkumar Fulchand
700 _aGupte, Aunradha
942 _2ddc
_cEN
_mSAI
_h230.1